Normal view
MARC view
- Shibaki, Yoshiko,
Entry Nombre personal
001 - NÚMERO DE CONTROL
- campo de control: 1639
003 - IDENTIFICADOR DE NÚMERO DE CONTROL
- campo de control: DLC
005 - FECHA Y HORA DE LA ÚLTIMA TRANSACCIÓN
- campo de control: 20260511111411.0
008 - ELEMENTOS DE DATO DE LONGITUD-FIJA
- campo de control de longitud fija: 841011n| azannaabn |b aaa
010 ## - NÚMERO DE CONTROL DE LA BIBLIOTECA DEL CONGRESO
- Número de control de LC: n 84154437
035 ## - NÚMERO DE CONTROL DEL SISTEMA
- Número de control de sistema: (OCoLC)oca01201446
040 ## - FUENTE DE CATALOGACIÓN
- Centro catalogador/agencia de origen: DLC
- Lengua de catalogación: eng
- Normas de descripción: rda
- Centro/agencia transcriptor: DLC
- Centro/agencia modificador: DLC
- Centro/agencia modificador: OCoLC
- Centro/agencia modificador: NNC
046 ## - FECHAS CON CODIFICACIÓN ESPECIAL
- Fecha de nacimiento: 1914
- Fecha de la muerte: 1991
- Fuente del esquema de fecha: edtf
- Fuente de información: JTNDL in VIAF, Mar. 19, 2020
053 #0 - NÚMERO DE CLASIFICACIÓN LC
- Número de clasificación–único número o número inicial del rango: PL861.H484
100 1# - ENCABEZAMIENTO-NOMBRE DE PERSONA
- Nombre de persona: Shibaki, Yoshiko,
- Fechas asociadas al nombre: 1914-1991
400 1# - TRAZADO DE VÉASE--NOMBRE DE PERSONA
- Subcampo de control: nne
- Nombre de persona: Shibaki, Yoshiko,
- Fechas asociadas al nombre: 1914-
400 1# - TRAZADO DE VÉASE--NOMBRE DE PERSONA
- Nombre de persona: 芝木好子,
- Fechas asociadas al nombre: 1914-1991
670 ## - FUENTE DE DATOS ENCONTRADOS
- Cita de la fuente: Her Sumidagawa boshoku, 1984:
- Información encontrada: t.p. (Shibaki Yoshiko)
670 ## - FUENTE DE DATOS ENCONTRADOS
- Cita de la fuente: LC manual auth. cd.
- Información encontrada: (hdg.: Shibaki, Yoshiko, 1914- )